[Event "OPEN A Condom 2008"]
[Site "Condom"]
[Date "????.??.??"]
[Round "6.1"]
[White "Bujisho, Benjamin"]
[Black "Piceu, Tom"]
[Result "1/2-1/2"]
[WhiteElo "2402"]
[BlackElo "2375"]
[PlyCount "45"]

1. d4 Nf6 2. c4 c5 3. d5 b5 4. cxb5 a6 5. bxa6 Bxa6 6. Nc3 d6 7. g3 g6 8. Bg2
Bg7 9. Nf3 O-O 10. Rb1 Nbd7 11. O-O Qa5 12. Qc2 Ng4 13. Rd1 Rfb8 14. Bg5 Kf8
15. Bd2 Nge5 16. b3 Qa3 17. Ng5 Kg8 18. f4 Ng4 19. e3 c4 20. h3 Ngf6 21. e4
cxb3 22. Rxb3 Rxb3 23. Qxb3 1/2-1/2

[Event "OPEN A Condom 2008"]
[Site "Condom"]
[Date "????.??.??"]
[Round "6.2"]
[White "Sikula, Vaszilij"]
[Black "Song, Julien"]
[Result "1/2-1/2"]
[WhiteElo "2540"]
[BlackElo "2236"]
[PlyCount "49"]

1. e4 e6 2. d4 d5 3. e5 c5 4. c3 Nc6 5. Nf3 Bd7 6. Be2 Nge7 7. Na3 Ng6 8. h4
cxd4 9. cxd4 Bb4+ 10. Kf1 h6 11. Nc2 Be7 12. Bd3 O-O 13. h5 Nh8 14. Rh3 f5 15.
Rg3 Nf7 16. Ng1 Qb6 17. Ne2 Bh4 18. Rh3 Bg5 19. f4 Be7 20. Be3 Nb4 21. Nxb4
Qxb4 22. b3 Rac8 23. g4 fxg4 24. Rg3 Ng5 25. Rxg4 1/2-1/2

[Event "OPEN A Condom 2008"]
[Site "Condom"]
[Date "????.??.??"]
[Round "6.3"]
[White "Grigore, George-Gabriel"]
[Black "Okhotnik, Vladimir"]
[Result "1/2-1/2"]
[WhiteElo "2517"]
[BlackElo "2468"]
[PlyCount "32"]

1. d4 d6 2. Nf3 g6 3. c4 Bg7 4. e4 Bg4 5. Be2 Nc6 6. Be3 Bxf3 7. Bxf3 e5 8. d5
Nd4 9. Na3 Ne7 10. O-O O-O 11. Nc2 c5 12. Bxd4 exd4 13. Ne1 b5 14. b3 bxc4 15.
bxc4 Qa5 16. Nd3 Nc8 1/2-1/2

[Event "OPEN A Condom 2008"]
[Site "Condom"]
[Date "????.??.??"]
[Round "6.4"]
[White "Inkiov, Ventzislav"]
[Black "Marzolf, Bruno"]
[Result "1-0"]
[WhiteElo "2446"]
[BlackElo "2217"]
[PlyCount "49"]

1. e4 e5 2. Bc4 Nf6 3. d3 Bc5 4. Nf3 Nc6 5. Nc3 d6 6. Bg5 Na5 7. O-O Nxc4 8.
dxc4 Be6 9. Qd3 h6 10. Bxf6 Qxf6 11. Nd5 Bxd5 12. cxd5 O-O 13. c3 a5 14. g3 g6
15. Kg2 Qe7 16. Nh4 Kg7 17. f4 exf4 18. Rxf4 c6 19. b4 axb4 20. cxb4 Qe5 21.
Raf1 Bxb4 22. Qf3 Qc3 23. Qg4 cxd5 24. Nxg6 fxg6 25. Rxf8 1-0

[Event "OPEN A Condom 2008"]
[Site "Condom"]
[Date "????.??.??"]
[Round "6.5"]
[White "Massoni, Michael"]
[Black "Lejarre, Ludovic"]
[Result "1-0"]
[WhiteElo "2172"]
[BlackElo "2409"]
[PlyCount "57"]

1. e4 e5 2. Bc4 Nf6 3. d3 Nc6 4. Nf3 Be7 5. O-O O-O 6. Bb3 d6 7. c3 Na5 8. Bc2
c5 9. b4 Nc6 10. b5 Na5 11. d4 cxd4 12. cxd4 Qc7 13. Nbd2 Bd7 14. dxe5 dxe5 15.
Bb2 Bxb5 16. Bxe5 Qd7 17. Re1 Nc6 18. Bxf6 Bxf6 19. e5 Be7 20. Qb1 Nb4 21.
Bxh7+ Kh8 22. Bf5 Qd8 23. Re3 g6 24. Bxg6 fxg6 25. Qxg6 Bd3 26. Ne4 Nc2 27.
Nfg5 Bxg5 28. Rh3+ Bh4 29. Qh5+ 1-0

[Event "OPEN A Condom 2008"]
[Site "Condom"]
[Date "????.??.??"]
[Round "6.10"]
[White "Rooze, Jan"]
[Black "Humeau, Cyril"]
[Result "1/2-1/2"]
[WhiteElo "2298"]
[BlackElo "2170"]
[PlyCount "39"]

1. e4 Nf6 2. e5 Nd5 3. d4 d6 4. Nf3 dxe5 5. Nxe5 Nd7 6. Nxf7 Kxf7 7. Qh5+ Ke6
8. Qe2+ Kf7 9. Qh5+ Ke6 10. c4 N5f6 11. d5+ Kd6 12. Qf7 Nb8 13. c5+ Kxc5 14.
Be3+ Kd6 15. Na3 Na6 16. Nc4+ Kd7 17. Ne5+ Kd6 18. Nc4+ Kd7 19. Ne5+ Kd6 20.
Nc4+ 1/2-1/2

[Event "OPEN A Condom 2008"]
[Site "Condom"]
[Date "????.??.??"]
[Round "6.13"]
[White "Tarchichi, Paul"]
[Black "Michiels, Rob"]
[Result "0-1"]
[WhiteElo "2153"]
[BlackElo "2267"]
[PlyCount "44"]

1. g3 d5 2. Bg2 e5 3. Nf3 e4 4. Nd4 c5 5. Nb5 a6 6. N5a3 b5 7. c4 bxc4 8. d3 f5
9. dxc4 d4 10. b4 h5 11. Nd2 Nf6 12. Nb3 h4 13. O-O Ng4 14. h3 hxg3 15. fxg3
Bd6 16. hxg4 Bxg3 17. Bf4 Qh4 18. Bxg3 Qxg3 19. Rxf5 Bxf5 20. gxf5 e3 21. Kf1
Rh5 22. Nd2 Rg5 0-1

[Event "OPEN A Condom 2008"]
[Site "Condom"]
[Date "????.??.??"]
[Round "6.19"]
[White "Forgues, Fabien"]
[Black "Dugailliez, Guy"]
[Result "1-0"]
[WhiteElo "2187"]
[BlackElo "2045"]
[PlyCount "77"]

1. e4 c5 2. Nf3 Nc6 3. d4 cxd4 4. Nxd4 g6 5. Nc3 Bg7 6. Nde2 Nf6 7. g3 O-O 8.
Bg2 d6 9. h3 Bd7 10. O-O Qa5 11. Nd5 Nxd5 12. exd5 Ne5 13. Bd2 Qc5 14. Be3 Qa5
15. b3 Bc8 16. Bd4 h5 17. Re1 Bxh3 18. Bxe5 Bxe5 19. Bxh3 Bxa1 20. Qxa1 Qxd5
21. Bg2 Qb5 22. Nf4 e5 23. Nd5 Rad8 24. a4 Qc5 25. c4 Kg7 26. Qc1 b6 27. Rd1
Qc8 28. Qd2 f6 29. a5 h4 30. gxh4 Rh8 31. axb6 axb6 32. Nxb6 Qg4 33. Ra1 Rxh4
34. Ra7+ Kh8 35. c5 Qh5 36. Ra4 Kg7 37. c6 Rh8 38. Ra7+ Kf8 39. Qxd6+ 1-0

[Event "OPEN A Condom 2008"]
[Site "Condom"]
[Date "????.??.??"]
[Round "6.27"]
[White "Hugaert, Arthur"]
[Black "Boukhris-Ferre, Yacine"]
[Result "1/2-1/2"]
[WhiteElo "2065"]
[BlackElo "1870"]
[PlyCount "122"]

1. c4 Nf6 2. Nc3 g6 3. g3 Bg7 4. Bg2 d6 5. d4 O-O 6. e4 e5 7. d5 Nbd7 8. Nge2
a5 9. O-O Nc5 10. a3 a4 11. Be3 Bd7 12. h3 Ne8 13. f4 f5 14. fxe5 Bxe5 15. exf5
Rxf5 16. Rxf5 Bxf5 17. g4 Bd7 18. Bxc5 dxc5 19. d6 c6 20. Nxa4 Bxd6 21. b3 Qe7
22. Ra2 Qe3+ 23. Kf1 Bc7 24. Rd2 Ng7 25. Ng1 Rf8+ 26. Nf3 Bh2 27. Bh1 Qg1+ 28.
Ke2 Re8+ 29. Kd3 Qxd1 30. Rxd1 Bf4 31. Nxc5 Bc8 32. Kc2 h5 33. Rd4 Be3 34. Ne4
Bxd4 35. Nxd4 Rf8 36. g5 Bxh3 37. Nf6+ Kh8 38. Kc3 Ne6 39. Nxe6 Bxe6 40. b4 Rd8
41. b5 cxb5 42. cxb5 b6 43. Bf3 Rc8+ 44. Bc6 h4 45. Kd4 h3 46. Ne4 Kg7 47. Ke5
h2 48. Ng3 Bc4 49. Kd6 Rh8 50. Kc7 Rh3 51. Nh1 Rxa3 52. Kxb6 Rb3 53. Kc5 Bxb5
54. Bxb5 Rb1 55. Bc6 Rg1 56. Kd4 Rxg5 57. Ke3 Rf5 58. Ng3 Rf6 59. Bf3 Ra6 60.
Kf2 Ra2+ 61. Be2 Ra8 1/2-1/2

[Event "OPEN A Condom 2008"]
[Site "Condom"]
[Date "????.??.??"]
[Round "6.31"]
[White "Delay, Guillaume"]
[Black "Devecchi, Jorge"]
[Result "1/2-1/2"]
[WhiteElo "1906"]
[BlackElo "1938"]
[PlyCount "53"]

1. e4 e5 2. Nf3 Nf6 3. Nc3 Nc6 4. Bc4 Nxe4 5. Nxe4 d5 6. Bd3 dxe4 7. Bxe4 Bg4
8. Bxc6+ bxc6 9. h3 Bh5 10. g4 Bg6 11. Nxe5 Qd5 12. O-O O-O-O 13. Qe2 Kb7 14.
c4 Qd6 15. f4 f6 16. Nxg6 hxg6 17. Kg2 Qd3 18. Qxd3 Rxd3 19. Rf3 Rxf3 20. Kxf3
Rxh3+ 21. Ke2 Rh4 22. Kf3 Bc5 23. b4 Bd4 24. Rb1 Rh1 25. Ke4 Bf2 26. Kf3 Bd4
27. Ke4 1/2-1/2

[Event "OPEN A Condom 2008"]
[Site "Condom"]
[Date "????.??.??"]
[Round "6.40"]
[White "Tchefranoff, Stephane"]
[Black "Lassis, Patrick"]
[Result "1-0"]
[WhiteElo "1928"]
[BlackElo "1724"]
[PlyCount "31"]

1. e4 e6 2. d4 d5 3. Nc3 dxe4 4. Nxe4 f5 5. Nc3 Nf6 6. Nf3 c6 7. Bc4 Bb4 8. Bg5
Qa5 9. O-O Bxc3 10. bxc3 Qxc3 11. Bxf6 Qxc4 12. Bxg7 Rg8 13. Ne5 Qd5 14. Qh5+
Kd8 15. Qf7 Re8 16. Bf6+ 1-0

[Event "OPEN A Condom 2008"]
[Site "Condom"]
[Date "2008.07.16"]
[Round "6.6"]
[White "Sanchez, Nicolas"]
[Black "Simon, Olivier"]
[Result "1/2-1/2"]
[WhiteElo "2229"]
[BlackElo "2381"]
[PlyCount "84"]

1. d4 Nf6 2. c4 g6 3. Nc3 Bg7 4. e4 d6 5. Nf3 O-O 6. Be2 Na6 7. Qc2 Re8 8. O-O
e5 9. Rd1 Qe7 10. Bg5 Qf8 11. Nd5 Nd7 12. c5 c6 13. Bxa6 cxd5 14. Bb5 dxc5 15.
dxc5 d4 16. b4 h6 17. Bc1 a6 18. Ba4 Re6 19. Nd2 Kh7 20. Bb3 Rc6 21. Bd5 Rc7
22. Nc4 Rb8 23. Ba3 b6 24. c6 b5 25. Na5 f5 26. Rac1 Nf6 27. f3 Qd8 28. Qb3 h5
29. Rc5 Bf8 30. Rc2 Qe7 31. Rf1 f4 32. Rb1 g5 33. Bc1 g4 34. Bd2 gxf3 35. gxf3
Bh3 36. Kh1 Bh6 37. Rg1 Nxd5 38. Qxd5 Rd8 39. Qc5 Qf6 40. Rcc1 Bf8 41. Qc2 Be7
42. Qd3 Qf8 1/2-1/2

[Event "OPEN A Condom 2008"]
[Site "Condom"]
[Date "????.??.??"]
[Round "6.11"]
[White "Favarel, Antoine"]
[Black "Decoster, Frederic"]
[Result "1/2-1/2"]
[WhiteElo "2074"]
[BlackElo "2264"]
[PlyCount "63"]

1. e4 c5 2. Nf3 d6 3. Bb5+ Bd7 4. Bxd7+ Qxd7 5. O-O Nf6 6. Re1 e6 7. c3 Nc6 8.
d4 cxd4 9. cxd4 d5 10. e5 Ng8 11. Nc3 Nge7 12. Ne2 Nf5 13. Ng3 Nxg3 14. hxg3
Rc8 15. Bd2 Be7 16. Rc1 O-O 17. a3 a6 18. Qb3 b5 19. Rc2 Na7 20. Rec1 Rc4 21.
Bc3 Rfc8 22. Nd2 R4c6 23. Bb4 Rxc2 24. Rxc2 Rxc2 25. Qxc2 Bxb4 26. axb4 Qc6 27.
Qc3 f6 28. exf6 gxf6 29. Nb3 Qc4 30. Nc5 Qe2 31. Kh2 Qh5+ 32. Kg1 1/2-1/2

[Event "OPEN A Condom 2008"]
[Site "Condom"]
[Date "????.??.??"]
[Round "6.12"]
[White "Marholev, Dimitar"]
[Black "Verlinde, Tieme"]
[Result "1-0"]
[WhiteElo "2366"]
[BlackElo "2174"]
[PlyCount "51"]

1. e4 c5 2. Nc3 d6 3. f4 Nc6 4. Nf3 g6 5. Bc4 Bg7 6. O-O e6 7. d3 Nge7 8. f5
exf5 9. Qe1 Ne5 10. Nxe5 dxe5 11. Qh4 Qd4+ 12. Kh1 h6 13. Nb5 Qd7 14. a4 a6 15.
Nc3 f4 16. g3 g5 17. Qh5 O-O 18. gxf4 exf4 19. Bxf4 gxf4 20. Rxf4 Qh3 21. Rh4
Qe3 22. Rg1 Be6 23. Nd1 Qd4 24. c3 Qf6 25. e5 Qf5 26. Rxg7+ 1-0

[Event "OPEN A Condom 2008"]
[Site "Condom"]
[Date "????.??.??"]
[Round "6.23"]
[White "Le Hetet, Nicolas"]
[Black "Hirschmann, Georges"]
[Result "1-0"]
[WhiteElo "2123"]
[BlackElo "1911"]
[PlyCount "85"]

1. e4 c5 2. Nf3 Nc6 3. Nc3 g6 4. d4 cxd4 5. Nxd4 Bg7 6. Be3 Nf6 7. Be2 O-O 8.
f4 d5 9. e5 Ne8 10. Nb3 Nc7 11. O-O f6 12. Bf3 fxe5 13. Nxd5 e6 14. Nxc7 Qxc7
15. Bxc6 bxc6 16. fxe5 Ba6 17. Rxf8+ Rxf8 18. Qd6 Bxe5 19. Qxc7 Bxc7 20. Bxa7
Bc4 21. Be3 Be5 22. Nd2 Ba6 23. Rb1 Rb8 24. b3 Rd8 25. g3 c5 26. Nf3 Bc3 27.
Bxc5 Bb7 28. Kf2 g5 29. Ke3 g4 30. Bd4 Bb4 31. Ne5 h5 32. Rf1 Bd6 33. c4 Ra8
34. a4 Ba6 35. Rf6 Rb8 36. Rg6+ Kh7 37. Rxe6 Rxb3+ 38. Ke4 Bb7+ 39. Kf4 Bxe5+
40. Kxe5 Rb4 41. Rb6 Rxc4 42. Rxb7+ Kg6 43. a5 1-0

[Event "OPEN A Condom 2008"]
[Site "Condom"]
[Date "????.??.??"]
[Round "6.25"]
[White "Favarel, Camille"]
[Black "Bulteau, Sarah"]
[Result "1-0"]
[WhiteElo "2102"]
[BlackElo "1909"]
[PlyCount "47"]

1. d4 Nf6 2. Nf3 g6 3. c4 d6 4. Nc3 Nbd7 5. e4 Bg7 6. Be2 e5 7. O-O O-O 8. Qc2
exd4 9. Nxd4 Re8 10. Rd1 Nc5 11. f3 h6 12. Be3 Qe7 13. Qd2 Kh7 14. Rac1 a5 15.
Ndb5 Ne6 16. b3 b6 17. Qc2 Bb7 18. a3 Nh5 19. Bf1 Be5 20. g3 Neg7 21. Nd5 Qd8
22. Nbxc7 f5 23. Nxe8 Qxe8 24. Nc7 1-0

[Event "OPEN A Condom 2008"]
[Site "Condom"]
[Date "????.??.??"]
[Round "6.30"]
[White "Sivan, Michel"]
[Black "Moreau, Emilien"]
[Result "0-1"]
[WhiteElo "1943"]
[BlackElo "1852"]
[PlyCount "96"]

1. Nf3 Nf6 2. g3 d5 3. d3 g6 4. Bg2 Bg7 5. O-O O-O 6. c3 c5 7. Bg5 Nc6 8. Qd2
e5 9. Bh6 Bd7 10. Na3 Qc8 11. Bxg7 Kxg7 12. c4 d4 13. e3 Bh3 14. Rfe1 Bxg2 15.
Kxg2 Qd7 16. exd4 exd4 17. Ne5 Nxe5 18. Rxe5 Qc6+ 19. Kg1 Rfe8 20. Rae1 Rxe5
21. Rxe5 Re8 22. Qe2 Rxe5 23. Qxe5 Qf3 24. Nb5 Qxd3 25. Qxc5 Qb1+ 26. Kg2 Qxb2
27. Nxd4 Qxf2+ 28. Kxf2 Ne4+ 29. Ke3 Nxc5 30. Nb5 a6 31. Nd6 Kf6 32. Kd4 b6 33.
Nc8 Na4 34. Kd5 Nc3+ 35. Kc6 b5 36. c5 Nxa2 37. Kd6 b4 38. Nb6 b3 39. Na4 Nb4
40. c6 Nxc6 41. Kxc6 Kg5 42. Kd5 Kg4 43. Ke5 Kh3 44. Kf6 Kxh2 45. g4 Kg3 46. g5
Kg4 47. Nb2 Kh5 48. Nd3 a5 0-1

[Event "OPEN A Condom 2008"]
[Site "Condom"]
[Date "????.??.??"]
[Round "6.34"]
[White "Roques, Olivier"]
[Black "Dia, Hussein"]
[Result "1-0"]
[WhiteElo "1881"]
[BlackElo "1910"]
[PlyCount "89"]

1. f4 Nf6 2. Nf3 e6 3. b3 b6 4. Bb2 Bb7 5. e3 Be7 6. a4 d5 7. Bb5+ c6 8. Be2
O-O 9. O-O Nbd7 10. Ne5 Ne8 11. Qe1 f6 12. Nf3 Bd6 13. Nd4 Qe7 14. Kh1 Nc7 15.
Ba3 c5 16. Nb5 Nxb5 17. axb5 e5 18. f5 e4 19. Bb2 Ne5 20. Na3 Rad8 21. c3 Bb8
22. g3 Rfe8 23. Nc2 Nd3 24. Qb1 Qf7 25. Ne1 d4 26. cxd4 cxd4 27. Ng2 g5 28.
fxg6 hxg6 29. Bxd4 Rxd4 30. exd4 Kg7 31. Bxd3 exd3 32. Qxd3 Be4 33. Qc4 Qb7 34.
Rf2 Rh8 35. Kg1 Bd5 36. Qd3 g5 37. Qf5 Rh6 38. Re1 Bd6 39. Ne3 Bxg3 40. Nxd5
Bxf2+ 41. Kxf2 Rxh2+ 42. Kg1 Qb8 43. Re7+ Kh8 44. Qxf6+ Kg8 45. Qg7# 1-0